| 000 | 00000nam 2200000zi 4500 |
| 001 | 9.943356 |
| 003 | CaOODSP |
| 005 | 20241120111848 |
| 006 | m o d f |
| 007 | cr mn||||||||| |
| 008 | 240918t20242024bcca ob f000 0 eng d |
| 020 | |a9780660736969 |
| 040 | |aCaOODSP|beng|erda|cCaOODSP |
| 043 | |an-cn-bc|an-cn-yk |
| 086 | 1 |aFs144-76/2024E-PDF |
| 245 | 00|aGenetically based enhanced contribution guidelines for Pacific salmon populations / |cSalmonid Enhancement Program, Fisheries and Oceans Canada. |
| 264 | 1|a[Vancouver?] : |bFisheries and Oceans Canada = Pêches et océans Canada, |c2024. |
| 264 | 4|c©2024 |
| 300 | |a1 online resource (20 pages) : |billustrations |
| 336 | |atext|btxt|2rdacontent |
| 337 | |acomputer|bc|2rdamedia |
| 338 | |aonline resource|bcr|2rdacarrier |
| 500 | |a"Issue No. 23-2424"--Page 1. |
| 504 | |aIncludes bibliographical references (page 9). |
| 520 | |a"Canada's Department of Fisheries and Oceans Canada (DFO) is committed to minimizing undesirable genetic effects of hatchery enhancement of salmon populations, while balancing biological and socio-economic objectives. These guidelines provide an approach to evaluate genetic influence of enhancement transparently and consistently, focusing on conservation of wild salmon as a highest priority. These guidelines are designed to support hatchery program planning and decision processes. They function as a tool to support ongoing work to establish population-based implementation approaches in combination with other existing DFO frameworks and guidelines. As new formal scientific advice is acquired, these guidelines will be updated as needed. This approach is consistent with the guiding principles on conservation and open and transparent decision making in Canada's Policy for Conservation of Wild Pacific Salmon (hereafter referred to as the Wild Salmon Policy or WSP)"--Objective, page 2. |
| 650 | 0|aPacific salmon|xConservation|zBritish Columbia. |
| 650 | 0|aPacific salmon|xConservation|zYukon. |
| 650 | 0|aFishery resources|xHatchery vs. wild stocks|zBritish Columbia. |
| 650 | 0|aFishery resources|xHatchery vs. wild stocks|zYukon. |
| 650 | 6|aSaumons du Pacifique|xConservation|zColombie-Britannique. |
| 650 | 6|aSaumons du Pacifique|xConservation|zYukon. |
| 650 | 6|aRessources halieutiques|xStocks élevés vs sauvages|zColombie-Britannique. |
| 650 | 6|aRessources halieutiques|xStocks élevés vs sauvages|zYukon. |
| 710 | 1 |aCanada. |bDepartment of Fisheries and Oceans, |eissuing body. |
| 710 | 2 |aSalmonid Enhancement Program (Canada), |eissuing body. |
| 856 | 40|qPDF|s952 KB|uhttps://publications.gc.ca/collections/collection_2024/mpo-dfo/Fs144-76-2024-eng.pdf |